000 00592nam a2200253Ia 4500
003 OSt
005 20220912152256.0
006 a|||||r|||| 00| 0
007 ta
008 220909b |||||||| |||| 00| 0 eng d
024 _a54355
037 _cTextual
040 _aCSL
_beng
_cCSL
041 _aeng
082 _aJB:95.192, M4
100 _aAllen P H
245 0 _aRain forests of Calfo Dulce
260 _c1956
300 _ap.
_ccm.
650 _a Forestry
650 _aAgriculture
942 _hJB:95.192, M4
_cTEXL
_2CC
999 _c83573
_d83573